Tuyển tập Test vật lý đại cương
Tuyển tập các bài test vật lý đại cương về cơ sở quang học sóng, hiện tượng giao thoa ánh sáng. Nhiễu xạ ánh sáng và phân cực ánh sáng. Quang lượng tử. Thuyết tương đối hẹp. Cơ học lượng tử. Vật lí nguyên tử và vật lí hạt nhân. Vậ...
Shranjeno v:
| Glavni avtor: | |
|---|---|
| Format: | Knjiga |
| Jezik: | Undetermined |
| Izdano: |
Hà Nội
Khoa học và Kỹ thuật
2009
|
| Teme: | |
| Oznake: |
Označite
Brez oznak, prvi označite!
|
| Thư viện lưu trữ: | Trung tâm Học liệu Trường Đại học Cần Thơ |
|---|
| LEADER | 01128nam a2200217Ia 4500 | ||
|---|---|---|---|
| 001 | CTU_162108 | ||
| 008 | 210402s9999 xx 000 0 und d | ||
| 020 | |c 42000 | ||
| 082 | |a 535.076 | ||
| 082 | |b L305/T.3 | ||
| 100 | |a Phan, Hồng Liên | ||
| 245 | 0 | |a Tuyển tập Test vật lý đại cương | |
| 245 | 0 | |c Phan Hồng Liên (ch.b.), Nguyễn Minh Đức | |
| 260 | |a Hà Nội | ||
| 260 | |b Khoa học và Kỹ thuật | ||
| 260 | |c 2009 | ||
| 520 | |a Tuyển tập các bài test vật lý đại cương về cơ sở quang học sóng, hiện tượng giao thoa ánh sáng. Nhiễu xạ ánh sáng và phân cực ánh sáng. Quang lượng tử. Thuyết tương đối hẹp. Cơ học lượng tử. Vật lí nguyên tử và vật lí hạt nhân. Vật lí hạt cơ bản. Có kèm theo đáp án | ||
| 650 | |a Optics,Quang học,Quang học | ||
| 650 | |x Examinations, questions, etc.,Vấn đề, bài tập, v.v.. | ||
| 910 | |a Nguyên | ||
| 980 | |a Trung tâm Học liệu Trường Đại học Cần Thơ | ||